| 000 | 00982pam a2200289 a 4500 | ||
|---|---|---|---|
| 003 | OSt | ||
| 005 | 20140310184459.0 | ||
| 008 | 881104s1989 nyua j 000 0 eng | ||
| 010 | _a 88032198 | ||
| 020 | _a0590440152 | ||
| 040 |
_aDLC _cDLC _dDLC |
||
| 042 | _alcac | ||
| 050 | 0 | 0 |
_aPZ 8.1 _b.B755Mi 1990 |
| 100 | 1 |
_aBrett, Jan, _d1949- _928532 |
|
| 245 | 1 | 4 |
_aThe mitten : _ba Ukrainian folktale / _cadapted and illustrated by Jan Brett. |
| 260 |
_aNew York : _bPutnam, _c1990. |
||
| 300 |
_a[32] p. : _bcol. ill. ; _c22 x 27 cm. |
||
| 521 | _aG6 | ||
| 526 | _c880 | ||
| 541 | _j1 | ||
| 650 | 1 |
_aFolklore _zUkraine. _928533 |
|
| 650 | 1 |
_aMittens _xFolklore. _928534 |
|
| 856 | 4 | 2 |
_3Contributor biographical information _uhttp://www.loc.gov/catdir/enhancements/fy1206/88032198-b.html |
| 856 | 4 | 2 |
_3Publisher description _uhttp://www.loc.gov/catdir/enhancements/fy1206/88032198-d.html |
| 906 |
_a7 _bcbc _corignew _d1 _eocip _f19 _gy-gencatlg |
||
| 942 |
_2lcc _cBK-SCHOLAS |
||
| 999 |
_c34709 _d34709 |
||